Héctor Cámpora y Juan D. Perón : Tercera presidencia /

Con el regreso del peronismo al poder en 1973, el conflicto político no se desató contra la oposición antiperonista, sino dentro del propio movimiento. Estos enfrentamientos fueron el marco de la última presidencia de Perón.

Guardado en:
Autor Principal: Santangelo, Pablo
Autor Corporativo: Canal Encuentro.
Formato: Deslizar
Publicado: Argentina, 2009
Series:Presidentes Argentinos
Materias:
Etiquetas: Agregar Etiqueta
Sin Etiquetas, Sea el primero en etiquetar este registro!
LEADER 01213ngm a22003135g 4500
001 CEM.cems023501
008 130507s2009##################0###0#####d
005 20250409163802.0
245 1 0 |a Héctor Cámpora y Juan D. Perón :  |b Tercera presidencia /  |c Pablo Santangelo. 
260 |a Argentina,  |c 2009 
300 |a 26'. 
490 0 |a Presidentes Argentinos 
500 |a Consultar en ventanilla. 
538 |a Soporte: DVD - Color: Si - Grabación DRD. 
590 |a Identificación anterior registrada en SIABUC: D118B. 
520 |a Con el regreso del peronismo al poder en 1973, el conflicto político no se desató contra la oposición antiperonista, sino dentro del propio movimiento. Estos enfrentamientos fueron el marco de la última presidencia de Perón. 
100 1 |a Santangelo, Pablo 
710 2 |a Canal Encuentro. 
082 9 8 |/ SAN-2 
653 |a HISTORIA 
653 |a HISTORIA ARGENTINA 
653 |a PRESIDENTES ARGENTINOS 
653 |a PERONISMO 
653 |a JUSTICIALISMO 
653 |a CAMPORA 
653 |a TENDENCIA REVOLUCIONARIA 
653 |a IZQUIERDA PERONISTA 
653 |a SERIE DE TELEVISIÓN 
859 |a CEMS  |b BIB. CEMS - Depto. Recursos Didacticos  |h 982  |i SAN-2  |k DRD  |p 2144.15  |t Ej.1